34-広島県の市町村クイズ(1999年) - Statistics

General Stats
  • This quiz has been taken 247 times
  • The average score is 41 of 86
Answers on the Map
Answers color-coded by a green-red scale on the quiz's map according to % correct below.
 
Answer Stats
Answer % Correct
因島いんのしま
82%
大竹おおたけ
82%
尾道おのみち
80%
くれ
78%
広島ひろしま
75%
江田島えたじまちょう
72%
さかちょう
72%
東広島ひがしひろしま
72%
海田かいたちょう
71%
福山ふくやま
71%
安芸津あきつちょう
70%
熊野くまのちょう
70%
音戸おんどちょう
68%
庄原しょうばら
68%
竹原たけはら
66%
三原みはら
66%
廿日市はつかいち
64%
府中ふちゅうちょう
64%
宮島みやじまちょう
64%
三次みよし
63%
西城さいじょうちょう
60%
東城とうじょうちょう
60%
大崎おおさきちょう
59%
蒲刈かまがりちょう
59%
川尻かわじりちょう
59%
神辺かんなべちょう
59%
府中ふちゅう
59%
内海うつみちょう
55%
大朝おおあさちょう
55%
大野おおのちょう
55%
倉橋くらはしちょう
55%
下蒲刈しもかまがりちょう
54%
新市しんいちちょう
54%
世羅せらちょう
54%
世羅西せらにしちょう
54%
黒瀬くろせちょう
49%
河内こうちちょう
49%
向島むかいしまちょう
48%
加計かけちょう
47%
芸北げいほくちょう
47%
佐伯さいきちょう
47%
作木さくぎそん
47%
上下じょうげちょう
47%
神石じんせきちょう
47%
沖美おきみちょう
46%
瀬戸田せとだちょう
46%
安浦やすうらちょう
45%
大柿おおがきちょう
43%
本郷ほんごうちょう
43%
湯来ゆきちょう
43%
総領そうりょうちょう
40%
筒賀つつがそん
40%
沼隈ぬまくまちょう
40%
君田きみたそん
39%
戸河内とごうちちょう
39%
千代田ちよだちょう
38%
三良坂みらさかちょう
38%
甲奴こうぬちょう
37%
高野たかのちょう
37%
久井くいちょう
36%
口和くちわちょう
36%
御調みつぎちょう
36%
吉舎きさちょう
34%
三和さんわちょう(神石郡)
34%
美土里みどりちょう
34%
吉和よしわむら
32%
木江きのえちょう
31%
豊松とよまつそん
31%
油木ゆきちょう
31%
高宮たかみやちょう
30%
能美のうみちょう
30%
ゆたかまち
30%
布野ふのそん
29%
吉田よしだちょう
29%
豊浜とよはまちょう
28%
八千代やちよちょう
28%
比和ひわちょう
26%
甲山こうざんちょう
25%
甲田こうだちょう
25%
豊平とよひらちょう
25%
大和だいわちょう
24%
福富ふくとみちょう
22%
向原むかいはらちょう
22%
東野ひがしのちょう
21%
豊栄とよさかちょう
20%
三和みわちょう(双三郡)
20%
No matching quizzes found
Score Distribution
Percent of People with Each Score
Percentile by Number Answered
Your Score History
You have not taken this quiz